Let's dance a story. (Запис № 518169)

МАРК-запис
000 -LEADER
fixed length control field 01200cam a22002771 4500
001 - CONTROL NUMBER
control field letsdancestory00mace
003 - CONTROL NUMBER IDENTIFIER
control field CaSfIA
005 - DATE AND TIME OF LATEST TRANSACTION
control field 20210118163800.0
007 - PHYSICAL DESCRIPTION FIXED FIELD--GENERAL INFORMATION
fixed length control field cr||||
008 - FIXED-LENGTH DATA ELEMENTS--GENERAL INFORMATION
fixed length control field 750829s1955 nyua j 000 1 eng
035 ## - SYSTEM CONTROL NUMBER
-- (DLC) 55005170
010 ## - LIBRARY OF CONGRESS CONTROL NUMBER
LC control number 55005170
035 ## - SYSTEM CONTROL NUMBER
System control number (OCoLC)1579634
040 ## - CATALOGING SOURCE
Original cataloging agency DLC
Transcribing agency FM
Modifying agency OCoLC
-- DLC
-- CaSfIA
042 ## - AUTHENTICATION CODE
Authentication code premarc
050 00 - LIBRARY OF CONGRESS CALL NUMBER
Classification number PZ7.M1585
Item number Le
100 1# - MAIN ENTRY--PERSONAL NAME
Personal name Mace, Katherine Keeler,
Dates associated with a name 1921-
245 10 - TITLE STATEMENT
Title Let's dance a story.
Medium [electronic resource]
Statement of responsibility, etc Illustrated by William D. Hayes.
260 ## - PUBLICATION, DISTRIBUTION, ETC. (IMPRINT)
Place of publication, distribution, etc New York,
Name of publisher, distributor, etc Abelard-Schuman
Date of publication, distribution, etc [1955]
300 ## - PHYSICAL DESCRIPTION
Extent unpaged.
Other physical details illus.
Dimensions 27 cm.
506 ## - RESTRICTIONS ON ACCESS NOTE
Standardized terminology for access restriction Необхідна авторизація на https://archive.org/ (створення облікового запису безкоштовно)
506 ## - RESTRICTIONS ON ACCESS NOTE
Standardized terminology for access restriction Необхідна авторизація на https://openlibrary.org/ (створення облікового запису безкоштовно)
856 41 - ELECTRONIC LOCATION AND ACCESS
Uniform Resource Identifier <a href="http://www.archive.org/details/letsdancestory00mace">http://www.archive.org/details/letsdancestory00mace</a>
Public note Free eBook from the Internet Archive
856 42 - ELECTRONIC LOCATION AND ACCESS
Uniform Resource Identifier <a href="http://www.openlibrary.org/books/OL6174246M">http://www.openlibrary.org/books/OL6174246M</a>
Public note Additional information and access via Open Library
942 ## - ADDED ENTRY ELEMENTS (KOHA)
Koha item type ЕКнига

Немає доступних примірників.